00706nam a2200241 a 4500001001300000003000900013005001700022008004100039020002300080082001600103100001500119245002700134260004700161300000900208500003500217505002400252650002400276700001500300902000800315942000700323952011700330999001700447nice12345678IN_TiNIC20260116014428.0050524s1999 newa grp 000 0 eng  a8176490 c19500a303.69bHAR aHart, Lois aFaultless Facilitation aNew Delhi bViva Books, 3rd Edition c1999 a170p aincludes index and biblioraphy2 aBibliography, Index aConflict Resolution1 aHart, Lois bSRS cBK 001040708StackRoom-aHMIbHMId2010-10-08g195.00l0o303.69 HARp020351r2010-10-08v195.00w2005-05-24yBK c15256d15256